00349nam a22001097a 4500082001000000100001700010245009300027260003400120300001800154650003900172700002800211 a621.3 aShafiq Hafsa aSampled Data Robust Control of an Under Actuated System with Input Delay/cHafsa Shafiq  aIslamabad.bCEME- NUST c2016 a54p. : ill. ; a Electrical Engineering MS-Thesis  aDr. Fahad Mumtaz Malik